| 000 | 01422nam a2200385 i 4500 | ||
|---|---|---|---|
| 999 |
_c63978 _d63978 |
||
| 001 | 769714001 | ||
| 003 | CO-MdFUSB | ||
| 005 | 20180622072748.0 | ||
| 008 | 990723s1999 sp | ||| ||spa | ||
| 017 |
_aNA 479-1999 _bOficina Depósito Legal Navarra |
||
| 020 | _a8431316756 | ||
| 040 |
_aSpMaBN _bspa _cCO-MdFUSB _erda _dCO-MdFUSBC |
||
| 041 | _aspa | ||
| 080 | 0 | _a113/119 | |
| 080 | 0 | _a215 | |
| 082 |
_223 _a215 _bAR791 |
||
| 100 | 1 |
_aArtigas, Mariano _d1938-2006 _eautor |
|
| 245 | 1 | 3 |
_aLa mente del universo _c/ Mariano Artigas |
| 250 | _aSegunda edición | ||
| 264 | 1 |
_aPamplona : _bUniversidad de Navarra (EUNSA), _c[1999] |
|
| 264 | 4 | _c©2000 | |
| 300 |
_a465 páginas _c: 25 cm _b: |
||
| 336 |
_2rdacontent _a1 _btxt |
||
| 337 |
_2rdamedia _a2 _b2 |
||
| 338 |
_2rdacarrier _a2 _b5 |
||
| 490 | 1 | _aColección filosófica | |
| 505 | 1 |
_gCapítulo 1: _tMás allá de la ciencia _gCapítulo 2: _tSupuestos e implicaciones de la ciencia _gCapítulo 3: _tCreatividad natural _gCapítulo 4: _tLa inteligibilidad de la naturaleza _gCapítulo 5: _tLeyendo el libro de la naturaleza _gCapítulo 6: _tEl hombre en la naturaleza _gCapítulo 7: _tCiencia y valores _gCapítulo 8: _tEl significado del progreso científico |
|
| 563 | _arústico | ||
| 650 | 7 |
_aCosmología _2embne |
|
| 650 | 7 |
_aReligión y ciencia _2embne |
|
| 942 | _cBK | ||
| 956 | _a2 | ||